| 000 | 01253cam a22003737a 4500 | ||
|---|---|---|---|
| 003 | CHAP | ||
| 005 | 20220817040845.0 | ||
| 008 | 971013s1990 r 00010 d | ||
| 010 | _a1570 | ||
| 011 | _a2542 | ||
| 035 | _a1737 | ||
| 040 | _cCHAP | ||
| 090 | _aTesis | ||
| 100 | 0 | 0 |
_aGodines Pelayo, Luis. _948447 |
| 245 | 0 | _aProducción de semilla en conchita azul Clitoria ternatea L. y Glycine neonotonia wightii Verd | |
| 260 |
_aChapingo, Méx. : _bEl autor, _c1990 |
||
| 300 |
_a74 h. _b: ilus. |
||
| 502 | _aTesis (Ing. Agr. Esp. en Zootecnia) -- UACH. Departamento de Zootecnia | ||
| 590 |
_aALEPH _b10 _c20130110 _lUCH01 _h1208 |
||
| 590 |
_aBATCH-UPD _b10 _c20130110 _lUCH01 _h0035 |
||
| 590 |
_aBATCH-UPD _b10 _c20130110 _lUCH01 _h0837 |
||
| 590 |
_aBATCH-UPD _b10 _c20130410 _lUCH01 _h0515 |
||
| 590 |
_aBATCH-UPD _b10 _c20130914 _lUCH01 _h0950 |
||
| 590 |
_aCONVERSION _b10 _c20130109 _lUCH01 _h1302 |
||
| 650 | 1 | 4 |
_aClitoria ternatea. _923880 |
| 650 | 1 | 4 |
_aGlycine wightii. _948339 |
| 650 | 1 | 4 |
_aGramíneas _xSemilla. _950289 |
| 650 | 1 | 4 |
_aLeguminosas _xSemilla. _965851 |
| 650 | 1 | 4 |
_aSemillas _xInvestigación. _9103907 |
| 650 | 1 | 4 |
_aSemillas _xMejoramiento. |
| 901 | _aBK | ||
| 942 | _cTESIS | ||
| 949 |
_bBC _cTES _d-11229 _eTS1 _h23603 _i1737 _si |
||
| 999 |
_c1570 _d1570 |
||